000
00210 a2200097 4500
001
30357
100
_a
Greene, F
245
_a
A Stevenson Treasury
260
_a
London
_b
Harrap & Cop
_c
090
_c
20310
_d
20310
942
_a
NUST-CAE
_c
M
_c
11460
999
_c
265430
_d
265430